Closest Capital Cities to the Equator - Statistics

General Stats
  • This quiz has been taken 14 times
  • The average score is 10 of 15
Answer Stats
Latitude Capital % Correct
-0.25 Quito
85%
0.3 Kampala
77%
3.13 Kuala Lumpur
77%
0.38 Libreville
77%
3.75 Malabo
77%
2.03 Mogadishu
77%
-1.28 Nairobi
77%
1.28 Singapore
77%
3.87 Yaoundé
77%
-1.93 Kigali
69%
0.33 São Tomé
54%
-3.43 Gitega
46%
4.17 Malé
46%
-0.53 Yaren
46%
1.43 Tarawa
38%
No matching quizzes found
Score Distribution
Percent of People with Each Score
Percentile by Number Answered
Your Score History
You have not taken this quiz